| 000 | 00991pam a2200301 4500 | ||
|---|---|---|---|
| 001 | 770807 | ||
| 003 | OSt | ||
| 005 | 20151125113227.0 | ||
| 008 | 721116s1973 nyua j 001 0 eng | ||
| 010 | _a 72011985 | ||
| 020 |
_a0688412955 _a068851295X (lib. bdg.) |
||
| 040 |
_aDLC _cDLC _dDLC |
||
| 042 | _alcac | ||
| 050 | 0 | 0 |
_aQC173 _b.E42 |
| 082 | 0 | 0 | _a539.7 |
| 100 | 1 | _aEllis, R. Hobart. | |
| 245 | 1 | 0 |
_aKnowing the atomic nucleus _c[by] R. Hobart Ellis, Jr. |
| 260 |
_aNew York, _bLothrop, Lee & Shepard Co. _c[1973] |
||
| 300 |
_a127 p. _billus. _c25 cm. |
||
| 350 | _a$4.50 | ||
| 520 | _aDescribes the discovery, nature, and potential of the atomic nucleus, with explanations of atomic structure and behavior, radioactivity, fission, and fusion. | ||
| 650 | 0 |
_aNuclear physics _xJuvenile literature. |
|
| 650 | 0 |
_aAtoms _xJuvenile literature. |
|
| 650 | 1 | _aNuclear physics. | |
| 650 | 1 | _aAtoms. | |
| 906 |
_a7 _bcbc _corignew _d1 _eocip _f19 _gy-gencatlg |
||
| 942 |
_2lcc _cBK |
||
| 999 |
_c251536 _d251536 |
||